| 000 | 01288nam a22003617a 4500 | ||
|---|---|---|---|
| 003 | CHAP | ||
| 005 | 20220329135451.0 | ||
| 008 | 971013s1997 r 00010 d | ||
| 010 | _a36998 | ||
| 011 | _a37970 | ||
| 035 | _a42090 | ||
| 040 | _cCHAP | ||
| 090 | _aTesis | ||
| 100 | 0 | 0 |
_aJiménez Solís, Francisco Antonio. _961657 |
| 245 | _aModelos para predecir la producción potencial de la tierra para la asociación maíz (Zea mays L.)-frijol (Phaseolus vulgaris L.), en Comitán, Chis. | ||
| 260 |
_aChapingo, Méx. : _bEl autor, _c1997 |
||
| 300 |
_a118 h. _b; gráfs. |
||
| 502 | _aTesis (Ing. Agr. Esp. en Suelos) -- UACH. Departamento de Suelos | ||
| 590 |
_aALEPH _b10 _c20130110 _lUCH01 _h1302 |
||
| 590 |
_aBATCH-UPD _b10 _c20130110 _lUCH01 _h1721 |
||
| 590 |
_aBATCH-UPD _b10 _c20130410 _lUCH01 _h1104 |
||
| 590 |
_aBATCH-UPD _b10 _c20130914 _lUCH01 _h1124 |
||
| 590 |
_aCONVERSION _b10 _c20130109 _lUCH01 _h1321 |
||
| 650 | 1 | 4 |
_aCultivos asociados. _930370 |
| 650 | 1 | 4 |
_aFrijol _xRendimiento. _943429 |
| 650 | 1 | 4 |
_aFrijol _zChiapas. _943455 |
| 650 | 1 | 4 |
_aMaíz _xRendimiento. _971051 |
| 650 | 1 | 4 |
_aMaíz _zChiapas. _971091 |
| 901 | _aBK | ||
| 942 | _cFOLL | ||
| 949 |
_bBC _cTES _d-153079 _eTS1 _h31243 _i42090 _si |
||
| 949 |
_bBC _cTES _d33724000635645 _eTS2 _fc.2 _h31244 _i42090 _si |
||
| 999 |
_c36998 _d36998 |
||